Kinszasa - quiz wielokrotnego wyboru - Statystyki

Ogólne statystyki
  • Ten quiz został rozwiązany 435 razy
  • Średni wynik to 5 z 10
Statystyki odpowiedzi
Zagadnienie Odpowiedź % Poprawnych
Która z poniższych rzek przepływa przez Kinszasę? Kongo
89%
Która stolica państwowa leży na drugim brzegu powyższej rzeki? Brazzaville
82%
Pierwotnie Kinszasa została nazwana na cześć belgijskiego króla. Jaką nosiła wtedy nazwę? Léopoldville
77%
Jaka choroba, według niektórych naukowców, mogła mieć swoje początki w Kinszasie w latach 1909–1930? HIV/AIDS
54%
Kto znany odwiedził Kinszasę w 1974 r? Muhammad Ali i George Foreman
54%
Chociaż francuski jest językiem urzędowym, jaki język jest najczęściej używany do codziennej komunikacji w Kinszasie? Lingala
47%
Kto nadał Kinszasy obecną nazwę w 1966 r? Mobutu Sese Seko
44%
W której dzielnicy znajduje się centralna część biznesowa Kinszasy oraz pałac prezydencki? Gombe
37%
Kto założył Kinszasę jako punkt handlowy w 1881 r? Henry Morton Stanley
33%
Na podstawie przewidywań ONZ z 2016 r., jaka będzie populacja obszaru zurbanizowanego Kinszasy w 2100 r? 83 milliony
25%
Nie znaleziono quizów pasujących do podanych kryteriów
Rozkład punktacji
Procent ludzi z każdym wynikiem
Percentyl według liczby udzielonych odpowiedzi
Twoja historia wyników
Nie rozwiązałeś tego quizu